El agujero violeta de la luna / (Registro nro. 2464)
[ vista simple ]
| 000 -LEADER | |
|---|---|
| fixed length control field | 01143nam a2200265 a 4500 |
| 008 - CAMPO DE CONTROL (LIBRO) | |
| fixed length control field | 180918s2011 ag |||g |||| 001 j|spa d |
| 020 ## - INTERNATIONAL STANDARD BOOK NUMBER | |
| ISBN | 9789876042246 |
| 041 ## - CODIGO DE IDIOMA | |
| Código de idioma del texto/pista de sonido o título separado | spa |
| 092 ## - SIGNATURA TOPOGRAFICA DEWEY LOCAL | |
| número de clasificación | 808.8 |
| libristica | 51 |
| sección | MAR |
| 245 #3 - TITULO PROPIAMENTE DICHO | |
| Título | El agujero violeta de la luna / |
| Mención de responsabilidad y remanente de la transcripción de la portada | Victoria Martínez |
| 250 ## - MENCION DE EDICION | |
| Mención de edición | 1a ed. |
| 260 ## - PIE DE IMPRENTA | |
| Lugar de publicación, distribución, etc | Neuquén: |
| Nombre de la editorial, distribuidor, etc | EDUCO; |
| Fecha de publicación | 2011. |
| 300 ## - DESCRIPCION FISICA | |
| Extension | 139 p. |
| Otros detalles físicos | 21x15 cm |
| 500 ## - NOTA GENERAL | |
| Nota general | Martínez, V. et al. (2011). El agujero violeta de la luna. Antología. (1a ed.). Neuquén : EDUCO |
| 505 ## - NOTA DE CONTENIDO | |
| Nota de contenido formateada | Esta antología es el producto del "Taller de Victoria" 2010. Así como está de moda lo "atípico", ésta, para estar actualizada, lo es. Sumamos sábados, ganas, estilos, personalidades, ocurrencias, y nos dejamos llevar hacia donde la imaginación o el sentido común nos guíen. |
| 590 ## - NOTAS LOCALES (RLIN) | |
| Nota local | Proyecto 4to Libro. Donación EDUCO, Septiembre 2017. |
| 655 ## - MATERIA - GENERO/FORMA | |
| Género/Forma | Cuentos cortos |
| -- | 3278 |
| 700 1# - ENTRADAS SECUNDARIAS - NOMBRE PERSONAL | |
| Nombre personal | Del Rey, Alejandro |
| 9 (RLIN) | 3279 |
| 700 1# - ENTRADAS SECUNDARIAS - NOMBRE PERSONAL | |
| Nombre personal | Martinez, Victoria |
| 9 (RLIN) | 3280 |
| 700 1# - ENTRADAS SECUNDARIAS - NOMBRE PERSONAL | |
| Nombre personal | Geréz, Gloria C. |
| 9 (RLIN) | 3281 |
| 700 1# - ENTRADAS SECUNDARIAS - NOMBRE PERSONAL | |
| Nombre personal | Gómez, Alberto J. |
| 9 (RLIN) | 3282 |
| 700 1# - ENTRADAS SECUNDARIAS - NOMBRE PERSONAL | |
| Nombre personal | López, Cristina |
| 9 (RLIN) | 3283 |
| 700 1# - ENTRADAS SECUNDARIAS - NOMBRE PERSONAL | |
| Nombre personal | Solenzi, Ana María |
| 9 (RLIN) | 3284 |
| 942 ## - ADDED ENTRY ELEMENTS (KOHA) | |
| Source of classification or shelving scheme | Dewey Decimal Classification |
| Item type | LITERATURA |
| Estado de retiro | Existencia | Fuente de clasificación | Estado general | No para prestamo | Ubicación permanente | ubicación actual | Sala de ubicación | Fecha de adquisición | Fuente de adquisición | Total Checkouts | Número de clasificación | Código de barras | Date last seen | Número de ejemplar | Price effective from | Koha tipo de elemento (item) | Public note |
|---|---|---|---|---|---|---|---|---|---|---|---|---|---|---|---|---|---|
| Dewey Decimal Classification | Biblioteca Medicina | Biblioteca Medicina | Circulación | 20/09/2017 | Proyecto 4to Libro. Donación EDUCO, Septiembre 2017. | 808.8 51 MAR | 3912 | 20/09/2017 | Ej. 1 | 20/09/2017 | LITERATURA | Proyecto 4to Libro. Donación EDUCO, Septiembre 2017. |